000 00756cam a22002657a 4500
003 CHAP
005 20220329135323.0
008 971013c19561947 r 00010 d
010 _a34360
011 _a35332
035 _a39448
040 _cCHAP
082 _a621.1
_bL9
100 0 0 _aLyle, Oliver.
_969269
245 1 4 _aThe efficient use of steam
260 _aLondon :
_bHer Majesty`s Stationery Office,
_c1956 (c.1947)
300 _a912 p.
_b: ilus.
590 _aBATCH-UPD
_b10
_c20130110
_lUCH01
_h0019
590 _aBATCH-UPD
_b10
_c20130110
_lUCH01
_h1127
590 _aCONVERSION
_b10
_c20130109
_lUCH01
_h1319
650 1 4 _aVapor.
_9117901
901 _aBK
942 _cLIBRO
949 _a621.1 L9
_bBC
_cBPA
_d-89897
_eBPA
_h18559
_i39448
_si
_t67.50
999 _c34360
_d34360